00270nam a2200109Ia 4500082001200000100002900012245003300041260003300074300000800107650002900115710001600144 aTG.0065 aGossain, Subhash Chander 0aBeggars of Calcutta: a study c1972bUniversity of Calcutta a294 aBeggarszIndiazCalcutta aGhosh, Alak